Merged country shapes - Statistics

General Stats
  • This quiz has been taken 38 times
  • The average score is 11 of 16
Answer Stats
Picture Answer % Correct
Ecuador, Peru
91%
Myanmar, Thailand
88%
Algeria, Morocco
84%
Russia, Ukraine
78%
Argentina, Uruguay
75%
Armenia, Georgia
75%
Lithuania, Poland
72%
Germany, Netherlands
69%
Indonesia, Papua-New Guinea
69%
Belize, Guatemala
66%
Brazil, France
66%
Hungary, Slovakia
63%
Canada, United States
59%
Albania, North Macedonia
56%
Oman, United Arab Emirates
56%
Cameroon, Nigeria
53%
No matching quizzes found
Score Distribution
Percent of People with Each Score
Percentile by Number Answered
Your Score History
You have not taken this quiz